00428pab a2200133 454500008004000000100002900040245013200069260000900201300001200210362000800222650002200230650001400252773002800266180718b2008 xxu||||| |||| 00| 0 eng d aChatterjee, Deba Prashad aOriental disadvantage versus occidental exuberance: appraising environmental concern in India - a case study in a local context c2008 ap.5-33. aJan aPollution - India aPollution aInternational Sociology